000 01586nam a2200265 a 4500
001 000012906
003 DO-SdBNP
005 20150910141904.0
007 000012906
008 091118s201u dr 000 0 spa d
040 _aBPMSU
_bspa
_cBPMSU
092 _axxxx
100 1 _aBonilla, Santiago
245 1 0 _aManual de lengua española :
_bteoría y prácticas /
_cSantiago Bonilla.
260 _aSanto Domingo :
_bBúho,
_c[201-].
300 _a243 p. ;
_c28 cm.
500 _aIncluye datos biografícos en la contraportada
504 _aBibliografía p: 241-243
505 0 _gunidad 1 --
_tLa comunicación --
_gunidad 2 --
_tConsideraciones teoricas sobre comunicación --
_gunidad 3 --
_tLa comunicación corporativa --
_gunidad 4 --
_tEl párrafo y su estructura --
_gunidad 5 --
_tMétodos de desarrollo del párrafo --
_gunidad 6 --
_tEl resumen --
_gunidad 7 --
_tLa exposición --
_gunidad 8 --
_tEl informe --
_gunidad 9 --
_tLa carta --
_gunidad 10 --
_tSistema de fichas --
_gunidad 11 --
_tEl comentario --
_gunidad 12 --
_tEl ensayo --
_gunidad 13 --
_tLa oratoria --
_gunidad 14 --
_tLa narración --
_gunidad 15 --
_tModos de expresión --
_gunidad 16 --
_tLos tipos de lengua --
_gunidad 17 --
_tLos niveles de lengua --
_gunidad 18 --
_tEl estilo --
_gunidad 19 --
_tLas imágenes artísticas --
_gunidad 20 --
_tFiguras literarias --
_gunidad 21 --
_tLa descripción --
930 1 _lBND01
_mLF1
_820091118
_f01
_pHD
_g7839
930 1 _lBND01
_mLF1
_820150806
_f01
_pHD
_g49964
_he. 2
942 _2ddc
_cBK
956 _aYLOCKWARD
_b10
_c20150806
_lBND01
_h1404
956 _aVMATEO
_b10
_c20150811
_lBPMSU
_h00151
999 _c8185
_d8185